000
00264nam a22001097a 4500
041
_a
eng
080
_a
80
100
_a
Кузнецов, В. С.
245
_a
Русско-англо-польский разговорник.
650
_a
Reference
999
_c
277711
_d
277711
942
_c
BK